000 01159nam a2200289 i 4500
001 187639
003 ES-MaACL
005 20251010143627.0
008 171213s2016 sp a |||| |dspa d
020 _a978-84-8448-861-3
080 _a929 Almuiña, Celso
245 0 0 _aEstudios en homenaje al profesor Celso Almuiña Fernández
_b: historia, periodismo y comunicación /
_cRosa Mª González Martínez ... [et. al.], directores.
260 _aValladolid :
_bUniversidad de Valladolid,
_c[2016]
300 _a719 p. :
_bil. col. y n., gráf. ;
_c25 cm.
490 1 _aHistoria y sociedad ;
_v193
504 _aReferencias bibliográficas.
600 1 4 _aAlmuiña, Celso,
_d1943-
_920165
650 7 _aHistoria contemporánea
_2embne
_913393
650 4 _aPeriodismo-
_vHistoria
_915949
650 4 _aComunicación audiovisual.
_911190
700 1 _aGonzález Martínez, Rosa María.
_9163919
710 2 _aUniversidad de Valladolid.
_97332
830 1 _aHistoria y sociedad ;
_v193
_9177932
852 _aES-MaACL
_jA-14135
_z- Enc. cart.
_9194735
_bR.151400
_cDEPO1
_dOlim: N-7135
942 _2udc
_cMONOGRAFIA
999 _c187639
_d187639